| Tag |
First Indicator |
Second Indicator |
Subfields |
| LEADER |
00000cam a2200000Ka 4500 |
| 001 |
in00003965580 |
| 005 |
20180501080558.0 |
| 008 |
150312t20152014nyu 000 0 eng d |
| 020 |
|
|
|a 1476781044
|
| 020 |
|
|
|a 9781476781044
|
| 035 |
|
|
|a (OCoLC)ocn904813064
|
| 035 |
|
|
|a (OCoLC)904813064
|
| 040 |
|
|
|a YDXCP
|b eng
|c YDXCP
|d OCLCQ
|d JBO
|d OCLCO
|d YVO
|d BDX
|d OCLCF
|d KB6
|d TXA
|d UtOrBLW
|
| 049 |
|
|
|a TXAM
|
| 050 |
1 |
4 |
|a PS3620.O587485
|b C48 2015
|
| 082 |
0 |
4 |
|a 813/.6
|2 23
|
| 100 |
1 |
|
|a Torgersen, Brad R.
|0 http://id.loc.gov/authorities/names/n2014042109
|
| 245 |
1 |
4 |
|a The chaplain's war /
|c Brad R. Torgersen.
|
| 264 |
|
1 |
|a Riverdale, New York :
|b Baen Publishing Enterprises,
|c [2015]
|
| 264 |
|
2 |
|a New York, New York :
|b Simon & Schuster
|
| 264 |
|
4 |
|c ©2014
|
| 300 |
|
|
|a 490 pages ;
|c 18 cm.
|
| 336 |
|
|
|a text
|b txt
|2 rdacontent
|
| 337 |
|
|
|a unmediated
|b n
|2 rdamedia
|
| 338 |
|
|
|a volume
|b nc
|2 rdacarrier
|
| 520 |
|
|
|a "The mantis cyborgs: insectlike, cruel, and determined to wipe humanity from the face of the galaxy, as they've already done with two other sentient species. The Fleet is humanity's last chance: a multi-world, multi-national task force assembled to hold the line against the aliens' overwhelming technology and firepower. Enter Harrison Barlow, who simply wants to serve his people. Only what good is a Chaplain's Assistant in the interstellar battles which will decide the fate of all mankind? More than he thinks. Captured and stranded behind enemy lines, Barlow must embark upon an improbable gambit to alter the course of the entire war." -- page [4] of cover.
|
| 541 |
0 |
|
|a Donated by Hal Hall
|d 20151109
|
| 650 |
|
0 |
|a Space warfare.
|0 http://id.loc.gov/authorities/subjects/sh85126016
|
| 650 |
|
0 |
|a Science fiction.
|0 http://id.loc.gov/authorities/subjects/sh85118629
|
| 650 |
|
7 |
|a Science fiction.
|2 fast
|0 (OCoLC)fst01108566
|
| 650 |
|
7 |
|a Space warfare.
|2 fast
|0 (OCoLC)fst01128112
|
| 655 |
|
7 |
|a Science fiction.
|2 gsafd
|
| 938 |
|
|
|a YBP Library Services
|b YANK
|n 12331119
|
| 938 |
|
|
|a Brodart
|b BROD
|n 112272851
|
| 948 |
|
|
|a cataloged
|b h
|c 2018/2/6
|d c
|e ljohnson
|f 2:16:10 pm
|
| 994 |
|
|
|a C0
|b TXA
|
| 999 |
f |
f |
|s 1b558152-ee9e-3617-9070-e4a3c609acab
|i d9dc6365-abf1-3641-add4-fe3256d55ed5
|t 0
|
| 952 |
f |
f |
|p noncirc
|a Texas A&M University
|b College Station
|c Cushing Memorial Library & Archives
|d Cushing: Science Fiction (Does not check out)
|t 0
|e PS3620.O587485 C48 2015
|h Library of Congress classification
|i unmediated -- volume
|
| 998 |
f |
f |
|a PS3620.O587485 C48 2015
|t 0
|l Cushing: Science Fiction (Does not check out)
|